00626nam a2200181Ia 4500003000900000008004100009040001600050080001600066245012500082260003500207300001500242650002200257650001900279700003200298942000700330999001500337952009200352IN-BaIIA211028s9999 xx 000 0 eng d cIIA Library a621.38bELE 0aElectronicsband their application in industry and researchcedited by Bernard Lovell  aLondonbChapman and Hallc1951 axvi, 660p. aElectronics91576 aNASA thesaurus aLovell, Bernard., ed.92218 cBK c1026d1026 00104070aBANbKAVcGENd0000-00-00l0o621.38/ ELEp1070r2021-11-05w0000-00-00yBK